00585nam a22001817a 450000500170000001000150001702000270003203500130005903700130007208200160008510000220010124500950012326000420021827000870026030000210034750000190036870000160038720131220113223.0 aENG-108896 a9789381142974c1150.00 aEN-92429 bDBAD/PUB a320.5310954 aMiluwi, Joshua O. aNaxalism : cby Joshua O. Miluwi [and] Hina Rashidbthe biggest security threat to India / aNew DelhibManglam Publicationsc2013 aK-129 Gali No.3 Near Shiv Om Jwelers 3-1/2 Pusta Gautam Vihar bNew Delhie110053 a364p. c22cm(Hb) aIncludes index aHina Rashid